Tulsi Leaves and the Ganges Water : (Record no. 19513)

MARC details
000 -LEADER
fixed length control field 00538nam a22001697a 4500
003 - CONTROL NUMBER IDENTIFIER
control field BDDh-ASL
005 - DATE AND TIME OF LATEST TRANSACTION
control field 20231015025803.0
008 - FIXED-LENGTH DATA ELEMENTS--GENERAL INFORMATION
fixed length control field 201207s2003 bg ||||| |||| 00| 0 eng d
040 ## - CATALOGING SOURCE
Original cataloging agency BDDh-ASL
Transcribing agency BDDh-ASL
082 ## - DEWEY DECIMAL CLASSIFICATION NUMBER
Classification number 954
Item number BAT
100 1# - MAIN ENTRY--PERSONAL NAME
9 (RLIN) 2334
Personal name Bandyopadhyay, Premansu Kumar
245 10 - TITLE STATEMENT
Title Tulsi Leaves and the Ganges Water :
Remainder of title The Slogan of the first Sepoy Mutiny at Barrackpore 1824 /
260 ## - PUBLICATION, DISTRIBUTION, ETC.
Place of publication, distribution, etc. Kolkata:
Name of publisher, distributor, etc. K P Bagchi & Company,
Date of publication, distribution, etc. 2003.
300 ## - PHYSICAL DESCRIPTION
Extent 239 p. :
Dimensions 22 cm.
650 #0 - SUBJECT ADDED ENTRY--TOPICAL TERM
9 (RLIN) 1349
Topical term or geographic name entry element History
Geographic subdivision India
942 ## - ADDED ENTRY ELEMENTS (KOHA)
Source of classification or shelving scheme Dewey Decimal Classification
Koha item type Books
Holdings
Withdrawn status Lost status Source of classification or shelving scheme Damaged status Not for loan Collection code Home library Current library Shelving location Date acquired Source of acquisition Total Checkouts Full call number Barcode Date last seen Copy number Price effective from Koha item type
    Dewey Decimal Classification     Non-fiction Asiatic Society Library Asiatic Society Library Sirajul Islam Collection 12/07/2020 Donated by Professor Sirajul Islam, FRHS   954 BAT 102857 12/07/2020 C-1 12/07/2020 Books

Powered by Koha